000
00381nam a2200145Ia 4500
008
100204s9999 xx 000 0 und d
082
_b
84
100
_a
रानडे जयंत
245
_a
चरस
260
_b
"उदयदीप प्रकाशन , मुंबई"
_c
1978
300
_a
156
630
_a
चरस
730
_a
चरस
942
_c
BOOK
999
_c
445281
_d
445278